| 000 | 00984cam a2200253 4500 | ||
|---|---|---|---|
| 001 | WB3933-16 | ||
| 008 | 030902n2003 000 0 eng u | ||
| 035 | _a(Sirsi) u123463 | ||
| 245 | _aCrossrail study will examine property impact | ||
| 260 | _c2003 | ||
| 490 |
_aProperty Week _v68(34) 29 August 2003, 8(1) |
||
| 520 | _aCross London Rail Links (CLRL), the company behind Crossrail, is to commission a new study into the effect of Crossrail, the proposed east-west London rail link. The study will examine Crossrail's effect on every property development along its route and to help identify the social and micro-economic benefits as a result of improved public transport. | ||
| 590 | _aWB | ||
| 650 | _aCROSSRAIL | ||
| 650 | _aLONDON | ||
| 650 | _aPUBLIC TRANSPORT | ||
| 650 | _aECONOMIC IMPACT | ||
| 650 | _aSOCIAL EFFECTS | ||
| 650 | _aIMPACT STUDIES | ||
| 650 | _aLOCAL ECONOMY | ||
| 650 | _aPROPERTY | ||
| 690 | _aTRANSPORT AND COMMUNICATIONS | ||
| 942 | _n0 | ||
| 999 |
_c73326 _d73326 |
||